[Event "CZE-ch"]
[Site "Zlin"]
[Date "1998.06.15"]
[Round "3"]
[White "Movsesian, Sergei"]
[Black "Vokac, Marek"]
[Result "1-0"]
[WhiteElo "2595"]
[BlackElo "2510"]
[Annotator "Yudasin,L"]
[PlyCount "59"]
[EventDate "1998.06.13"]
[EventType "tourn"]
[EventRounds "11"]
[EventCountry "CZE"]
[EventCategory "9"]
[SourceTitle "CBM 066"]
[Source "ChessBase"]
[SourceDate "1998.09.30"]
[SourceVersion "1"]
[SourceVersionDate "1998.09.30"]
[SourceQuality "1"]

1. e4 g6 2. Nc3 Bg7 3. d4 d6 4. Be3 a6 5. f4 b5 6. Be2 (6. Bd3 Bb7 7. Nf3 Nf6 (
7... b4 8. Ne2 Nf6)) 6... Bb7 7. Bf3 Nd7 (7... b4 8. Nd5 (8. Nce2 Nf6 9. Qd3
Nbd7 10. Nh3 c5 $13) 8... a5) 8. e5 $1 (8. Nge2 e5 9. O-O Ngf6 10. a3 O-O $132)
8... Bxf3 9. Qxf3 (9. Nxf3 e6) 9... b4 $6 (9... e6 10. O-O-O d5 11. g4 Ne7 12.
h4 (12. f5 gxf5 13. gxf5 Nxf5 14. Nxd5 Nxe3 15. Nxe3 Nb6 $14) 12... Qc8 $2 (
12... h5 13. gxh5 Rxh5 14. Nge2 Nf5 15. Bf2 Qe7 $10) 13. h5 Rg8 $16) 10. Nce2
$1 (10. Ne4 d5 11. Nd2 e6 12. Ne2 Ne7 13. O-O O-O 14. a3 a5 $14) 10... e6 11.
O-O-O Ne7 (11... h5 12. d5 $1) 12. g4 $1 h5 (12... O-O 13. h4 $40) (12... Nd5
13. Bf2 (13. Bd2 O-O 14. h4 f5 15. h5 $40) 13... O-O 14. h4 f5 $132) 13. gxh5
Rxh5 14. Ng3 Rh4 15. Qf2 (15. Bf2 Nd5 16. N3e2 Rh5 17. h4 $40) 15... Nd5 16.
Nf3 (16. Bd2 Bh6 17. Nf3 Rxf4 18. Bxf4 Bxf4+ 19. Kb1 $13) 16... Rg4 17. Bd2 Rb8
$2 (17... Nxf4 18. h3 Rxg3 19. Bxf4 Rxf3 20. Qxf3 dxe5 21. dxe5 $16) (17... Bh6
18. h3 Rxf4 19. Bxf4 Bxf4+ 20. Kb1 dxe5 21. dxe5 Nxe5 22. Nxe5 Bxe5 23. Rhe1
Bg7 24. Ne4 $36) 18. h3 Rxg3 19. Qxg3 c5 20. f5 $1 Nc3 $1 (20... exf5 21. e6
Nf8 22. exf7+ Kxf7 23. Bg5 $40) 21. Rde1 (21. bxc3 Qa5) 21... Nxa2+ (21... exf5
22. exd6+ Kf8 23. bxc3 bxc3 24. Bg5 Qa5 25. Ne5 Nxe5 26. dxe5 $18 Rb2) 22. Kd1
$18 cxd4 (22... exf5 23. exd6+ Kf8 24. Re7 {/\Ng5}) (22... b3 23. c4) 23. fxe6
b3 24. exd7+ Qxd7 25. cxb3 Kf8 26. exd6 Rxb3 27. Ne5 Qa4 28. Nd7+ $1 Kg8 29.
Re8+ Bf8 30. Rxf8+ {30...Kg7 31.Qe5 Yudasin} 1-0

[Event "NED-ch53"]
[Site "Rotterdam"]
[Date "1998.07.03"]
[Round "11"]
[White "Van der Weide, Karel"]
[Black "Piket, Jeroen"]
[Result "1-0"]
[WhiteElo "2450"]
[BlackElo "2575"]
[Annotator "Yudasin,L"]
[PlyCount "47"]
[EventDate "1998.06.21"]
[EventType "tourn"]
[EventRounds "11"]
[EventCountry "NED"]
[EventCategory "12"]
[SourceTitle "CBM 066"]
[Source "ChessBase"]
[SourceDate "1998.09.30"]
[SourceVersion "1"]
[SourceVersionDate "1998.09.30"]
[SourceQuality "1"]

1. e4 {Petursson} g6 2. d4 Bg7 3. Nc3 c6 4. Nf3 d6 (4... d5 5. h3) 5. h3 b5 (
5... e5 6. dxe5 dxe5 7. Qxd8+ Kxd8 8. Be3 f6 9. Bc4 Nd7 10. O-O-O Kc7 11. a4
Ne7 $14) (5... Nd7 {/\e5}) 6. Bd3 Nd7 (6... e5 7. Be3 Nd7 (7... a6) (7... Bb7)
8. d5 b4 9. dxc6 bxc3 10. cxd7+ Bxd7 11. bxc3 Nf6 12. c4 Bc6 13. Nd2 $16) 7.
O-O Bb7 {Black has more useful moves} (7... e5 8. d5) (7... e5 {Petursson}) (
7... a6 {Petursson}) 8. Be3 a6 $2 (8... e5 9. d5 (9. a4 b4 10. Ne2 exd4 (10...
Ngf6 11. a5 exd4 12. Nexd4 a6 $13) 11. Bxd4 Ne5 12. Nxe5 dxe5 13. Be3 $16 {
/\Nc1-b3}) 9... cxd5 10. Nxb5 (10. Nxd5 Bxd5 11. exd5 a6 $13) 10... Nb6) 9. a4
e5 (9... b4 10. Ne2 e5 11. c3) 10. axb5 cxb5 (10... axb5 11. Rxa8 Qxa8 (11...
Bxa8 12. Qa1 $36 (12. d5 cxd5 13. Nxd5 Bxd5 14. exd5 Qb8 15. Qe2 b4 16. Bb5
Ngf6 17. Bc6 $16)) 12. d5 cxd5 13. Nxb5 Qb8 (13... Ke7 14. Nc7 $16) 14. Ba7)
11. dxe5 $1 dxe5 (11... Nxe5 12. Nxe5 dxe5 (12... Bxe5 13. Qd2 $16) 13. Nxb5
axb5 14. Bxb5+ Kf8 15. Bc5+ Ne7 16. Rxa8 Qxa8 17. Qd6 $18) 12. Bxb5 $1 axb5 13.
Nxb5 Bf8 (13... Rxa1 14. Qxa1 Bc6 (14... Bf8 15. Rd1 $40 {/\Ne5,Qa7}) 15. Nd6+
Kf8 (15... Ke7 16. Qa3 Qa8 17. Ba7) 16. Ng5 Nh6 17. Ndxf7 Nxf7 18. Ne6+) 14.
Qd3 Ra6 (14... Ngf6 15. Rxa8 Bxa8 16. Qc4 Be7 17. Nc7+ Kf8 18. Ng5) (14... Be7
15. Rxa8 Bxa8 16. Qc4 Kf8 17. Rd1 $40) 15. Rfd1 Qc8 (15... Ngf6 16. Rxa6 Bxa6
17. Nxe5) 16. Rxa6 Bxa6 17. Nd6+ Bxd6 18. Qxd6 Be2 (18... Ne7 19. Nxe5 Nxe5 20.
Qxe5) (18... Ngf6 19. Bg5) 19. Rd5 $1 Ne7 (19... Ngf6 20. Nxe5) (19... Bxf3 20.
Rxe5+ Nxe5 21. Qxe5+ Kd7 22. Qxh8 Be2 23. Qd4+ $40 (23. Qxh7 $16) (23. Qxh7 $16
{Petursson})) (19... f6 {Petursson} 20. Nxe5 Nxe5 21. Rxe5+ $1 fxe5 22. Qxe5+
Kd7 23. Qxh8 $16) 20. Nxe5 $1 Nxd5 $8 21. Nxd7 $1 (21. exd5 $18 {Petursson})
21... Rg8 (21... Qxd7 22. Qe5+ Qe6 23. Qxh8+) (21... Bb5 22. exd5) 22. Bg5 $1
Ba6 $8 (22... Qxd7 23. Qb8+ {Petursson} Qd8 24. Qxd8#) 23. exd5 Qxd7 24. Qe5+ {
/\24...Kf8 25.Bh6 Yudasin} 1-0

[Event "London Agency"]
[Site "London"]
[Date "1998.06.20"]
[Round "6"]
[White "Rowson, Jonathan"]
[Black "Burnett, Ronald"]
[Result "0-1"]
[WhiteElo "2485"]
[BlackElo "2400"]
[Annotator "Yudasin,L"]
[PlyCount "118"]
[EventDate "1998.06.15"]
[EventType "tourn"]
[EventRounds "9"]
[EventCountry "ENG"]
[EventCategory "9"]
[SourceTitle "CBM 066"]
[Source "ChessBase"]
[SourceDate "1998.09.30"]
[SourceVersion "1"]
[SourceVersionDate "1998.09.30"]
[SourceQuality "1"]

1. d4 g6 2. e4 Bg7 3. Nc3 d6 4. Be3 c6 5. f4 (5. Qd2) 5... b5 6. Bd3 Qb6 (6...
e5 7. Nf3 Bg4 8. dxe5 dxe5 9. O-O exf4 10. Bxf4 Nf6 $13) 7. e5 $6 (7. Nf3 Bg4 (
7... e5 8. Ne2) 8. Ne2 (8. Be2 e5 (8... b4 9. Na4 Qa5 10. b3 Nf6 11. h3 Bd7 12.
Bd3 $16) 9. fxe5 Bxf3 10. Bxf3 dxe5 11. Ne2 exd4 (11... Ne7 12. Qd2 exd4 13.
Nxd4 Qb7 $14) 12. Nxd4 $36 c5 13. Nb3) 8... Bxf3 9. gxf3 Nf6 10. Qd2 O-O 11.
O-O-O) (7. Nce2 $5) 7... dxe5 8. fxe5 Bxe5 9. Nf3 (9. Nxb5 cxb5 $4 (9... Bg7
10. Na3 Bxd4 11. Nc4 Qc5 $17) 10. Be4 Bb7 11. Bxb7 (11. Qf3 $1 $18) 11... Qxb7
12. dxe5 Qxg2 13. Qf3 Qxf3 14. Nxf3 Nc6 15. O-O-O e6 $44) 9... Bg7 10. Qd2 b4
$1 (10... Nf6 11. Bh6 (11. d5 Qc7 (11... Qa5 $1) 12. dxc6 (12. Bf4 Qa5 13. dxc6
a6 14. c7 Nc6 $13) 12... a6) 11... O-O 12. h4 b4) 11. Ne2 $2 (11. Na4 Qa5 12.
Nc5 Nd7 13. Nxd7 Bxd7 14. a3 Rb8 15. O-O Nf6 $10) 11... Nf6 12. O-O Ba6 (12...
Nd5 13. Bh6 O-O $17) 13. Bxa6 $6 (13. d5 Qb7 14. Bxa6 Nxa6 15. dxc6 Qxc6 16. a3
Qb7 $17) (13. a3) 13... Nxa6 14. Ne5 $2 (14. a3 $17) 14... Rd8 (14... O-O 15.
d5 c5 $17) 15. Rad1 (15. d5 Qc7) 15... Nc7 16. Bh6 (16. d5 c5) 16... O-O 17.
Bxg7 Kxg7 $19 18. Ng3 Ne6 19. c3 bxc3 20. bxc3 Rd5 (20... c5 $19 21. Rxf6 exf6
22. Ng4 Ng5 23. h4 cxd4 (23... h5)) 21. Nc4 Qc7 22. Ne3 Rg5 23. Rf3 h5 $19 24.
Rdf1 h4 25. Ngf5+ $2 (25. Ne2 Rd8) 25... gxf5 26. Nxf5+ Rxf5 (26... Kh8 27. Rh3
Rh5 28. Rxh4 Rxh4 29. Nxh4 Ng4 30. g3 $132) 27. Rxf5 Rh8 $19 28. Qd1 Rh6 29.
Qf3 Qc8 30. Qf2 Qa6 31. Qf3 Rg6 32. Kh1 Ng5 33. Qf4 Nge4 34. Re5 Qxa2 35. Qf3
Ng5 (35... Nd2 36. Qe2 Qc4 37. Qxc4 Nxc4 38. Rxe7 $132) 36. Qe2 (36. Qf4 Nd5 (
36... h3) 37. Qxh4 Nf3) 36... Qxe2 37. Rxe2 Nge4 38. Re3 Rg5 39. Rf4 Rb5 40. g4
Rb1+ 41. Kg2 Rb2+ 42. Kg1 (42. Kh3 Ng5+ 43. Kxh4 Nd5) 42... a5 43. Rf5 Rb5 44.
Re5 Ng5 45. Rxb5 (45. Rxe7 Nxg4 46. Re2 h3) 45... cxb5 46. Rxe7 Nd5 47. Ra7
Nxc3 (47... a4 48. c4 bxc4 49. Ra5 Nh3+ 50. Kf1 Nhf4) 48. Rxa5 Nge4 $1 {/\b4-b3
} (48... Ne2+ 49. Kf2 Nxd4 50. Ke3 Nge6) 49. Kg2 (49. Ra7 Ne2+ (49... h3 $1 $19
{Kg1}) 50. Kg2 Nxd4) 49... b4 50. Ra6 b3 51. Rb6 Nd2 52. Rb4 Nd1 53. Kh3 b2 54.
d5 b1=Q 55. Rxb1 Nxb1 56. d6 Kf8 57. Kxh4 Nd2 58. d7 Ke7 59. Kh5 Nf3 {60.g5
Ne5 61.Kh6 Ne3 62.Kg7 Nf5 Yudasin} 0-1

[Event "Pamplona 9798 8th"]
[Site "Pamplona"]
[Date "1997.12.28"]
[Round "1"]
[White "Magem Badals, Jordi"]
[Black "San Segundo Carrillo, Pablo"]
[Result "1-0"]
[WhiteElo "2550"]
[BlackElo "2495"]
[Annotator "Yudasin,L"]
[PlyCount "59"]
[EventDate "1997.12.28"]
[EventType "tourn"]
[EventRounds "9"]
[EventCountry "ESP"]
[EventCategory "13"]
[SourceTitle "CBM 063"]
[Source "ChessBase"]
[SourceDate "1998.03.26"]
[SourceVersion "1"]
[SourceVersionDate "1998.03.26"]
[SourceQuality "1"]

1. e4 g6 2. d4 Bg7 3. Nc3 d6 4. Be3 a6 5. Qd2 Nd7 (5... b5 6. a4 b4 7. Nd5 a5
8. c3 bxc3 9. bxc3 e6 10. Nf4 Nf6) 6. h4 Ngf6 (6... h5) 7. f3 b5 8. g4 h6 9.
O-O-O Nb6 (9... Bb7 10. Qh2 Qc8) 10. Qg2 Nfd7 (10... Bb7 11. g5 hxg5 12. hxg5
Nh5 13. Be2 {/\f4}) 11. Nge2 b4 12. Nb1 Bb7 13. Ng3 e6 14. f4 $132 c5 (14... a5
$5 $13) 15. f5 $6 (15. g5 $13) (15. h5 g5 16. fxg5 hxg5 17. Qf2 Rc8 18. Rh2 $13
) 15... Qc7 16. fxe6 fxe6 17. g5 $6 (17. Qd2 $13) (17. Rh2 $13) 17... hxg5 18.
hxg5 O-O-O $6 (18... Rxh1 $1 19. Qxh1 d5 20. Qh3 Ke7 21. Bg2 Rc8 $40 22. dxc5)
19. Rxh8 Bxh8 20. a3 $5 a5 (20... bxa3 21. Nxa3 cxd4 22. Bxd4 Bxd4 23. Rxd4 e5
24. Rd3) 21. axb4 axb4 22. Bb5 cxd4 (22... c4 23. Qd2 b3 24. Nc3 bxc2 25. Kxc2
$36) 23. Bxd7+ Rxd7 24. Bxd4 Bxd4 25. Rxd4 Qc5 26. Qf2 (26. Qd2 Nc4) 26... d5
$2 (26... Qxg5+ 27. Nd2 Qc5 28. Nb3 Qb5 29. Qf6 $36) (26... e5 27. Rd2 Nc4 28.
Re2 Rh7 $13) 27. Nd2 e5 $4 (27... Rc7 28. Nb3 Qe7 29. Qf6 dxe4 $16) 28. Rc4 $18
dxc4 29. Qxc5+ Rc7 30. Qxb6 {Yudasin} 1-0

[Event "Clarin GP final"]
[Site "Villa Gesell"]
[Date "1998.03.16"]
[Round "10"]
[White "Ginzburg, Maximiliano"]
[Black "Garcia Palermo, Carlos H"]
[Result "1/2-1/2"]
[WhiteElo "2470"]
[BlackElo "2475"]
[Annotator "Yudasin,L"]
[PlyCount "134"]
[EventDate "1998.03.07"]
[EventType "tourn"]
[EventRounds "11"]
[EventCountry "ARG"]
[EventCategory "10"]
[SourceTitle "CBM 064"]
[Source "ChessBase"]
[SourceDate "1998.06.02"]
[SourceVersion "1"]
[SourceVersionDate "1998.06.02"]
[SourceQuality "1"]

1. e4 g6 2. d4 d6 3. Nc3 a6 4. Be3 Bg7 5. Qd2 b5 6. h4 $5 h5 7. f3 Nd7 8. Nh3
Bb7 9. Ng5 Ngf6 10. Be2 $6 (10. O-O-O c5 (10... Qc8 $13) 11. dxc5 dxc5 12. e5
Nxe5 13. Qxd8+ Rxd8 14. Rxd8+ Kxd8 15. f4) (10. Nd1 c5 11. c3) 10... c5 11. Nd1
(11. d5 O-O 12. O-O $13) 11... cxd4 12. Bxd4 e5 (12... Qc7 13. a4 bxa4 14. Rxa4
O-O $13) 13. Bf2 d5 $36 14. exd5 Nxd5 15. O-O O-O (15... Nf4 16. Re1 Nxe2+ 17.
Qxe2 O-O) 16. Re1 Qc7 (16... Rc8 17. a4 bxa4 18. Rxa4 N7b6) 17. c4 $1 bxc4 18.
Rc1 N7b6 19. Qa5 (19. b3 Rad8 20. Qa5) 19... Rac8 20. Nc3 $5 (20. b3 $14) 20...
Nd7 $1 21. Qxc7 Rxc7 22. Nce4 c3 $5 (22... N7b6 23. Nd6 Rd8 24. Nxc4 Nxc4 $14)
23. bxc3 $1 (23. Nxc3 Rfc8 (23... Nxc3 24. bxc3 (24. Rxc3 Rxc3 25. bxc3 Rc8 26.
Rb1 Rc7 27. a4 $13) 24... Nc5 25. Rb1 Na4 $15) 24. Nxd5 Rxc1 (24... Bxd5 25.
Rcd1 $14) 25. Ne7+ Kf8 26. Nxc8 Rxe1+ 27. Bxe1 Bxc8 28. Bb4+ $36) 23... Nf4 24.
Nd6 (24. Bf1 f6 25. Bg3) 24... Nxe2+ $2 (24... f6 25. Nxb7 (25. Nge4 Nxe2+ 26.
Rxe2 Bxe4 27. Nxe4 Rb8 $10) 25... Nxe2+ 26. Rxe2 Rxb7 27. Ne6 Rc8 $10) 25. Rxe2
Ba8 $2 (25... Bc6 26. Rb2 Bf6 27. c4 Be7 $14) 26. c4 Nb8 $6 27. Rb1 Nc6 28. Rb6
a5 (28... Nd4 29. Reb2) 29. a3 (29. c5 Nd4 $132) (29. Nb5 Rcc8 30. c5 Nd4 31.
Nxd4 exd4 32. Rb5 a4) 29... Nd4 30. Re1 (30. Bxd4 $2 exd4 31. Re8 Bc6 (31... d3
$1 32. Kf1 Rxe8 33. Nxe8 Rxc4 34. Rb8 Rc1+ 35. Kf2 Bd4+ 36. Kg3 Be5+) 32. Rxf8+
Bxf8 33. Ngxf7 d3 $13) (30. Reb2) 30... Rd8 31. Reb1 Nc6 32. c5 $16 Bf8 33. Bg3
$1 Rcd7 (33... Bxd6 34. cxd6 Rxd6 35. Bxe5) 34. Nge4 Be7 (34... Kg7 35. Rxc6
Bxc6 36. Bxe5+) 35. Nc4 Rd5 (35... Rd1+ 36. Rxd1 Rxd1+ 37. Kh2 {/\Ne-d6,Ra6})
36. Bf2 Rd1+ 37. Kh2 Rxb1 38. Rxb1 f6 $2 (38... Rd3 39. Rb6 (39. Nxa5 Rxa3 40.
Nxc6 Bxc6 $10) (39. Nb6 Bb7 40. Nd5 Rxd5 41. Rxb7 f5 42. Rxe7 Nxe7 43. Nf6+ Kf7
44. Nxd5 Nxd5 $15) (39. Nxe5 Rxa3 40. Nxc6 Bxc6 41. Rb8+ Kg7 42. Bd4+ f6 43.
Ng5 $36) 39... Bd8 40. Rb5 Kf8 $14) 39. Ned6 a4 $5 40. Nb6 (40. Rb6 Rd7 41. Ra6
Ra7 42. Rxa7 Nxa7) 40... Bxd6 41. cxd6 Kf7 42. Bc5 Ke6 $16 43. Rd1 (43. Nxa4
$16 Kd5 44. Rd1+ Nd4 45. Bb4) 43... Nd4 44. Bxd4 $2 (44. Nxa4 Nb5 45. Nb6 $16)
44... exd4 45. Rxd4 Bc6 46. d7 (46. Nxa4 Ke5 47. Rc4 Rxd6 $14) 46... Ke7 47.
Nxa4 Bxa4 (47... Rxd7 48. Rxd7+ Bxd7 49. Nc3 Kd6 50. Kg3 Ke5 51. Ne4) 48. Rxa4
Rxd7 49. Kg3 Rd2 50. Ra7+ (50. Re4+ Kd6 51. a4 Ra2) 50... Ke6 51. a4 Ra2 52. a5
Kf5 (52... g5 53. a6 (53. hxg5 fxg5 54. a6 Kf6 55. Ra8 Kg7 56. Kh3 Ra3 57. Kh2
Ra1 58. a7 (58. g3 Ra2+ 59. Kh3 Ra3 60. a7 h4 61. gxh4 Rxf3+ 62. Kg4 Ra3 $10)
58... h4 59. Kh3 Ra4) 53... gxh4+ 54. Kh3 Ra4 55. Ra8 Kf7 56. a7 Kg7 57. f4 Kh7
58. Rf8 Rxa7 59. Rxf6 Ra2 60. Rf5 Kh6) 53. a6 Ra4 54. Ra8 Ra2 55. a7 Ra4 56.
Kf2 (56. Kh3 Ra3 57. Kh2 Ra2 58. Kg1 Ra1+) 56... Ra2+ 57. Ke3 Ra3+ 58. Kd4 Kf4
59. Rf8 Rxa7 60. Rxf6+ Kg3 61. Rxg6+ Kxh4 62. g3+ (62. Ke5 Ra5+ 63. Kf4 Rf5+)
62... Kh3 63. f4 Ra4+ 64. Ke5 Ra5+ 65. Kf6 Ra6+ 66. Kg5 Rxg6+ 67. Kxg6 Kxg3
1/2-1/2

[Event "Pamplona 9798 8th"]
[Site "Pamplona"]
[Date "1997.12.28"]
[Round "1"]
[White "De la Villa Garcia, Jesus Maria"]
[Black "Strikovic, Aleksa"]
[Result "1-0"]
[WhiteElo "2485"]
[BlackElo "2560"]
[Annotator "Yudasin,L"]
[PlyCount "151"]
[EventDate "1997.12.28"]
[EventType "tourn"]
[EventRounds "9"]
[EventCountry "ESP"]
[EventCategory "13"]
[SourceTitle "CBM 063"]
[Source "ChessBase"]
[SourceDate "1998.03.26"]
[SourceVersion "1"]
[SourceVersionDate "1998.03.26"]
[SourceQuality "1"]

1. e4 d6 2. d4 g6 3. Nf3 Bg7 4. Bd3 e5 5. dxe5 (5. c3 Nc6 (5... Bg4 6. dxe5
dxe5 7. h3 $14) 6. d5 Nce7 7. O-O f5) 5... dxe5 6. Qe2 (6. O-O Nc6 7. c3) 6...
Nd7 7. O-O Ngf6 (7... Nc5 8. Bc4 Qe7 9. b3) 8. Bg5 (8. Rd1 {/\b3.a4,Ba3}) 8...
h6 9. Bh4 O-O 10. Nbd2 Qe8 11. Rfe1 Nh5 12. Qd1 Nc5 $36 13. Bf1 a5 (13... g5 $5
14. Bg3 Nf4) 14. Nc4 b6 15. Ne3 $1 Nf6 (15... Nxe4 16. Nd5) (15... Nf4 16. Bg3
Nxe4 17. Bxf4 exf4 18. Nd5 Ra7 19. Nd2 f5 $13) 16. Nd2 Bb7 (16... Nfxe4 17.
Nxe4 Nxe4 18. Nd5) 17. f3 Rd8 18. b3 $10 Qe7 19. c3 $5 (19. Qc1 {/\Ndc4,a3,/
\Qb2}) 19... Nd3 20. Bxd3 Rxd3 21. Qc2 Rd7 (21... Qd7 22. Nd5) 22. Rad1 Rfd8 $6
(22... Qe6 {/\Nh5-f4,/\f5,}) 23. c4 $1 c6 24. Nb1 Rd4 $1 (24... Rxd1 25. Rxd1
Rxd1+ 26. Qxd1 b5 $14) 25. Nc3 Qb4 (25... R8d7 26. Na4 Qd8 27. Bf2) (25... Ba6
26. Na4) (25... Bc8 $5 {/\Qc7,/\b5}) 26. Bf2 Bf8 27. Nf1 R4d7 (27... Rxd1 28.
Rxd1 Rxd1 29. Nxd1 Bc5 30. Qc3 $14) 28. Rxd7 Rxd7 29. Rd1 Rxd1 30. Nxd1 Nd7 (
30... Bc5 $14) 31. Nb2 $1 Bc5 32. Nd3 Bxf2+ 33. Kxf2 Qd6 34. Ne3 $36 {b6,Bb7}
Qd4 35. Ke2 c5 (35... Nc5 36. Nxc5 Qxc5 37. Qd2 h5 38. Qd7 Ba6 39. Qa7) 36. Qd2
h5 (36... Bc6 37. Ng4 h5 38. Ndxe5 Qg1 39. Nxc6 hxg4 40. Qxd7 Qxg2+ $13) 37.
Nc2 Qg1 $4 (37... Qd6 38. Nb2 Qxd2+ 39. Kxd2 Bc6 40. Ne3 f6 $14) 38. Nde1 Nf8
39. Qd8 Bc6 40. Qxb6 $18 Bd7 41. h3 Qh2 42. Kd1 f5 43. Qxc5 (43. exf5 Bxf5 44.
Qxc5 $18) 43... fxe4 44. fxe4 Qf4 45. Nd3 Qxe4 46. Qd5+ Qxd5 47. cxd5 a4 (47...
e4 48. Nc5) 48. Nxe5 axb3 49. axb3 Bb5 50. Kd2 Kg7 51. Ke3 Kf6 (51... Bf1 52.
Ne1 Kf6 53. N5d3 {/\Kd4,b4-b5}) 52. Ke4 (52. Kd4 g5 53. Ne3 h4 54. N5g4+ Ke7
55. Ke5) 52... g5 53. Ne3 Be2 54. g3 (54. b4) 54... h4 55. gxh4 (55. g4 {
/\b4Nf3}) 55... gxh4 56. Ng2 Bd1 $1 (56... Bf1 57. Ng4+ Ke7 58. N4e3) 57. b4
Bc2+ 58. Kd4 (58. Kf4 Bf5 59. Ng4+ Bxg4 60. Kxg4 Ke5) (58. Nd3 Ng6) 58... Bf5
59. Nxh4 Bxh3 60. b5 Bc8 61. Nhf3 $18 Bb7 62. Nd2 Ke7 63. Ne4 {Nf8} Ba8 64. Kc5
Bb7 65. Nd6 Ba8 66. Nc8+ Ke8 67. Nb6 Bb7 68. Kd6 Nh7 69. Kc7 Bxd5 70. Nxd5 Ng5
71. b6 Ne6+ 72. Kd6 Nd8 73. Nf6+ Kf8 74. Nc6 Nb7+ 75. Kc7 Nc5 76. Nd7+ {Yudasin
} 1-0

[Event "Ciocaltea Memorial"]
[Site "Bucharest"]
[Date "1998.??.??"]
[Round "13"]
[White "Milu, Romeo Sorin"]
[Black "Badea, Bela"]
[Result "1/2-1/2"]
[WhiteElo "2395"]
[BlackElo "2545"]
[Annotator "Yudasin,L"]
[PlyCount "30"]
[EventDate "1998.02.??"]
[EventType "tourn"]
[EventRounds "13"]
[EventCountry "ROU"]
[EventCategory "11"]
[SourceTitle "CBM 064"]
[Source "ChessBase"]
[SourceDate "1998.06.02"]
[SourceVersion "1"]
[SourceVersionDate "1998.06.02"]
[SourceQuality "1"]

1. e4 g6 2. d4 Bg7 3. Nc3 d6 4. Be2 Nd7 5. Nf3 e5 6. dxe5 (6. O-O Ngf6 7. Re1
O-O 8. Bf1 c6 9. h3 Re8 $10) (6. Be3 $5 Ngf6 7. Qd2) 6... dxe5 7. Bc4 $5 (7.
O-O Ngf6 8. Be3 O-O 9. h3 b6 $10) 7... Ngf6 8. O-O (8. Bxf7+ $2 Kxf7 9. Ng5+
Ke7 $19 10. Nd5+ Nxd5 11. Qxd5 Qg8) 8... O-O 9. Be3 (9. Qe2 Qe7 (9... h6 10.
Rd1 Re8 11. a4 c6 12. b3 Qc7 13. Ba3 Bf8 $10) 10. a4 h6 11. b3 $36) (9. a4 $5)
(9. b3 $5) 9... h6 10. Nd2 (10. h3 Nh5 {/\Kh7,c6,Qe8,f5~~}) 10... a6 11. a4 b6
$10 12. f3 Bb7 13. Ne2 (13. Qe2 Qe7 {/\Nc5-e6}) 13... Qe7 14. c3 a5 15. Qc2 Ne8
(15... Nc5 16. Rfd1 Ne6 17. Nf1 $10) (15... Ne8 16. Rfe1 Nd6 17. Ba2 Nf6 18.
Rad1 $13) 1/2-1/2

[Event "Olomouc After GP Mladi"]
[Site "Olomouc"]
[Date "1997.??.??"]
[Round "10"]
[White "Balinov, Ilia"]
[Black "Biolek, Richard"]
[Result "0-1"]
[WhiteElo "2560"]
[BlackElo "2410"]
[Annotator "Yudasin,L"]
[PlyCount "68"]
[EventDate "1997.08.05"]
[EventType "tourn"]
[EventRounds "11"]
[EventCountry "CZE"]
[EventCategory "10"]
[SourceTitle "CBM 061"]
[Source "ChessBase"]
[SourceDate "1997.11.23"]
[SourceVersion "1"]
[SourceVersionDate "1997.11.23"]
[SourceQuality "1"]

1. e4 d6 2. d4 g6 3. Nf3 Bg7 4. c3 c6 5. Bd3 e5 6. h3 (6. dxe5 dxe5 7. O-O (7.
Bg5 Qc7 8. Nbd2 Nf6 9. Nc4 O-O 10. Bc2 Be6 11. Qd6 Qxd6 12. Nxd6 Nbd7 13. O-O-O
$11 {Lanzani,M-Zaiser,M/Robecchetto op 1996/EXT 96op2/1/2-1/2 (48)}) 7... Nd7
8. Be3 Ngf6 9. Nbd2 O-O 10. Nc4 Qe7 11. Bc2 Rd8 $2 12. Qd6 Qxd6 13. Nxd6 Bf8
14. Rfd1 Bxd6 15. Rxd6 $16 Ne8 $2 16. Rd2 $18 {[%cal Rf3e5]} f6 17. Nxe5 {
[%cal Gc2b3]} Kg7 18. Bh6+ Kxh6 19. Nf7+ $18 {Bolding,K-Quadrio,A/Andorra op
1995/EXT 95op/1-0 (25)}) (6. O-O Nd7 7. Re1 Ngf6 8. Bg5 h6 9. Bh4 O-O 10. Nbd2
Qc7 11. Bf1 (11. Bc2 $5) 11... Re8 12. a4 Nf8 13. dxe5 dxe5 14. Nc4 {[%cal
Gd1d6]} Re6 15. a5 Bd7 16. Nfd2 Rb8 17. f3 $14 {[%cal Gh4f2] Davies,
N-Daudzvardis,J/Groningen op 1990/CBM 22/0-1 (53)}) (6. Nbd2 Be6 7. O-O Nh6 $2
8. dxe5 dxe5 9. Bc4 Qe7 10. Bxe6 Qxe6 11. Qb3 Qxb3 12. axb3 Nd7 13. Nc4 O-O 14.
Nfxe5 $1 {[%csl Rh6]} Nc5 (14... Nxe5 15. Nxe5 Rfe8 16. Nd7 $1 $16) 15. Be3
Nxe4 16. f3 Nf5 17. Bxa7 $16 {Ivanov,A-Jansen,C/NLD-ch op 1992/EXT 92ch/1-0 
(45)}) 6... Ne7 7. O-O O-O 8. Be3 Qc7 9. Na3 Nd7 10. Qd2 (10. Bc2 $5 {[%cal
Gd4e5,Ya3c4]}) 10... a6 11. Rfd1 Re8 12. Rac1 $6 (12. dxe5 dxe5 (12... Nxe5 13.
Nxe5 dxe5 (13... Bxe5 $2 14. Nc4 Bg7 15. Bf4) 14. Nc4 {[%csl Gb6]}) 13. Bf1 (
13. Bc2) 13... b5 (13... Nf6 14. Qc2 b5 15. Bc5 $14) 14. Qd6 $14) 12... d5 $1
13. dxe5 (13. Bh6 dxe4 14. Bxe4 f5 15. Bxg7 Kxg7 16. Bb1 e4 {()}) 13... Nxe5
14. Nxe5 Bxe5 15. f4 $2 {white should think already about equality} (15. c4 d4
16. Bg5 c5 $15) (15. Bd4 $5 Bf4 16. Be3) (15. Re1 $5) 15... Bg7 $17 16. e5 f6
17. c4 $5 {[%csl Ra3] Otherwise Na3 hasn't chance to be entered to the game}
fxe5 18. cxd5 Nxd5 19. Bc4 (19. Bxg6 Nxe3 20. Bxe8 Nxd1 21. Rxd1 Bxh3 22. Bxc6
Qxc6 $17) 19... Qd8 (19... Qf7 20. fxe5 Bxe5 21. Rf1 Qg7 (21... Qe6) 22. Bxd5+
cxd5 23. Qxd5+ (23. Rxc8 Raxc8 24. Qxd5+ Kh8 25. Rf7 Rcd8 (25... Qg8) 26. Qf3
Rd1+ 27. Kf2 Bg3+ 28. Kxg3 Rxe3 $19) 23... Be6 $17) 20. fxe5 Be6 $1 {@} (20...
Bxe5 21. Bxd5+ Qxd5 22. Qf2 (22. Nc4 Qxd2 23. Rxd2 Bc7) 22... Qxa2 23. Nc4 $13
{[%cal Gc4b6]}) 21. Bd4 Qh4 22. Qf2 (22. Qe1 Qg5 $17) 22... Qg5 (22... Qxf2+
23. Kxf2 Nb4 $1 (23... Bf7 24. Re1 Nf4 25. Rcd1 $15) 24. Bc5 a5 25. Rd7 Bxe5
$17) 23. h4 Qf4 24. g3 (24. Rf1 Qxf2+ 25. Rxf2 Nb4 $17) 24... Qxf2+ 25. Kxf2
Rad8 26. Bb3 Nb4 27. Nc4 c5 $1 28. a3 $4 (28. Bxc5 Nd3+ 29. Rxd3 Rxd3 30. Nd6
Re7 $17 (30... Rf8+ 31. Ke2 Rxb3 32. axb3 Bxe5 $17)) 28... cxd4 $19 29. axb4
Rf8+ {[%csl Rb4,Re5,Rf2,Rg3] ^^} 30. Ke2 (30. Kg1 Rf3 31. Rc3 dxc3 32. Rxd8+
Bf8 $19) 30... Bh6 31. Ra1 d3+ 32. Ke1 (32. Rxd3 Bg4+) 32... d2+ 33. Rxd2 Rxd2
34. Nxd2 Bxd2+ 0-1